000 01323cam a2200133 4500500
005 20251214001959.0
041 _afre
042 _adc
100 1 0 _aClaval, Paul
_eauthor
245 0 0 _aGéographie régionale : De la région au territoire
260 _bArmand Colin,
_c2006.
520 _aLa région et le pays : deux logiques complémentaires. Analyse régionale et analyse territoriale. L'évolution des études régionales. L'analyse régionale. L'analyse de l'espace vécu. Les facteurs de l'organisation régionale et de la structuration symbolique de l'espace. Écosystèmes et régions naturelles. La société dans l'espace. Les fondements économiques de la géographie régionale. Structuration symbolique de l'espace et territorialité. Paysage, région et territoire. Vie politique, région et territoire. Les formes et l'évolution de l'organisation régionale et de la structuration territoriale. L'évolution des formes d'organisation régionale. Les sociétés sans État. Organisation régionale et structuration territoriale des sociétés traditionnelles. Révolution industrielle, organisation régionale et structuration territoriale. Mondialisation et nouvel ordre territorial.
856 4 1 _uhttps://shs.cairn.info/geographie-regionale--9782200267148?lang=fr&redirect-ssocas=7080
999 _c1566639
_d1566639